Una experiencia didáctica en la formación de profesores para la enseñanza básica, en relación con conceptos básicos de geometría /

El artículo da cuenta de una experiencia didáctica, en el ámbito de la formación de profesores de Educación General Básica, en la cual se aplicó un modelo de organización de la enseñanza, a partir de la noción de una situación problema, propuesto por Phillippe Meirieu.\La importancia de la experienc...

Descripción completa

Detalles Bibliográficos
Autor principal: León Lavanchy, Ivette
Otros Autores: Navarro Adriazola, Silvia, Zanocco Soto, Pierina
Formato: Analitica de revista
Lenguaje:español
Publicado: Santiago, Chile Pontificia Universidad Católica de Chile 2000

MARC

LEADER 00000cab a2200000 a 4500
001 036364
003 UAHC_CL
005 20170803124000.0
008 030922s1994 cl f 000 spa
040 |a UAHC_CL  |c UAHC_CL  |d UAHC_CL 
100 1 |a León Lavanchy, Ivette 
245 1 4 |a Una experiencia didáctica en la formación de profesores para la enseñanza básica, en relación con conceptos básicos de geometría /  |c Ivette León Lavanchy, Silvia Navarro Adriazola, Pierina Zanocco Soto. 
260 |b Pontificia Universidad Católica de Chile  |c 2000  |a Santiago, Chile 
300 |a p. 95-126 
500 |a En: Pensamiento educativo, nû27, 2000. p.95-126. ISSN 07171013. 
500 |a En: Pensamiento educativo, n°27, 2000. p.95-126. ISSN 07171013. 
500 |a En: Pensamiento educativo, nç27, 2000. p.95-126. ISSN 07171013. 
520 |a El artículo da cuenta de una experiencia didáctica, en el ámbito de la formación de profesores de Educación General Básica, en la cual se aplicó un modelo de organización de la enseñanza, a partir de la noción de una situación problema, propuesto por Phillippe Meirieu.\La importancia de la experiencia radica en la coherencia existente entre este modelo y el marco conceptual de la actual reforma educacional chilena, y más específicamente su relación con los ejes centrales del subsector de enseñanza Educación Matemática, donde la resolución de problemas se considera con su hilo conductor. En este trabajo se desarrolla tanto el modelo mencionado, como las etapas desarrolladas en la experiencia, incorporando además nuestra postura frente a la enseñanza de la geometría en el nivel mencionado. 
520 |a El artículo da cuenta de una experiencia didáctica, en el ámbito de la formación de profesores de Educación General Básica, en la cual se aplicó un modelo de organización de la enseñanza, a partir de la noción de una situación problema, propuesto por Phillippe Meirieu.\La importancia de la experiencia radica en la coherencia existente entre este modelo y el marco conceptual de la actual reforma educacional chilena, y más específicamente su relación con los ejes centrales del subsector de enseñanza Educación Matemática, donde la resolución de problemas se considera con su hilo conductor. En este trabajo se desarrolla tanto el modelo mencionado, como las etapas desarrolladas en la experiencia, incorporando además nuestra postura frente a la enseñanza de la geometría en el nivel mencionado. 
700 1 |a Navarro Adriazola, Silvia 
700 1 |a Zanocco Soto, Pierina 
759 |a PP160 
773 0 |t Revista PRELAC  |w 041234 
900 |a PENSAMIENTO EDUCATIVO-27/00 
942 |c REVA 
952 |0 0  |1 0  |4 0  |6 PENSAMIENTO_EDUCATIVO27_00_000000000000000  |7 0  |8 General  |9 69085  |a BC  |b BC  |c General  |d 2017-08-03  |l 0  |o PENSAMIENTO EDUCATIVO-27/00  |p FICTICIO4913  |r 2019-01-08 00:00:00  |t 1  |w 2017-08-03  |y REVA 
999 |c 36364  |d 36364